| 000 | 02258cam a22002535a 4500 | ||
|---|---|---|---|
| 001 | L150919 | ||
| 008 | 100915s2010 xxk f 000 0 eng d | ||
| 020 | _a9780470901427 | ||
| 035 | _a(Sirsi) u150919 | ||
| 041 | 0 | _aeng | |
| 050 | 0 | 4 | _a620.004 $2 18 |
| 100 | 1 | _aGladfelter, Donnie | |
| 245 | 0 | 0 |
_aAutoCAD and AutoCAD LT _h[electronic resource] |
| 260 |
_bSybex Inc _c2010 |
||
| 300 | _aeBook | ||
| 505 | 2 | _a1 Getting to Know AutoCAD -- 2 Learning Basic Commands to Get Started -- 3 Setting Up a Drawing -- 4 Developing Drawing Strategies: Part 1 -- 5 Developing Drawing Strategies: Part 2 -- 6 Using Layers to Organize Your Drawing -- 7 Combining Objects into Blocks -- 8 Controlling Text in a Drawing -- 9 Using Dynamic Blocks and Tables -- 10 Generating Elevations -- 11 Working with Hatches, Gradients, and Tool Palettes -- 12 Dimensioning a Drawing -- 13 Managing External References -- 14 Using Layouts to Set Up a Print -- 15 Printing an AutoCAD Drawing -- 16 Creating 3D Geometry -- 17 Rendering and Materials | |
| 520 | _aA step-by-step tutorial on AutoCAD and AutoCAD LT basics AutoCAD is the leading drawing software, used by design and drafting professionals to create 2D and 3D technical drawings. This tutorial is aimed at AutoCAD novices and provides you with the essentials you need so you can acquire the necessary skills to work in AutoCAD and AutoCAD LT. You'll begin with the basics and gradually progress to more advanced topics and features, such as grouping, elevations, hatches, and using text in drawings. Concise explanations, focused examples, and step-by-step instructions round out this hands-on tutorial. * Begins with the basics of AutoCAD and AutoCAD LT, the leading 2D and 3D drawing software * Progresses to more advanced topics and skill sets and covers grouping, hatches, and text in drawings * Introduces dimensioning, external references, layouts and printing, and using 3D Contains helpful examples and step-by-step instructions. | ||
| 521 | _aka | ||
| 650 | 2 | 4 | _aEBOOK |
| 651 | 4 | _aINTERNATIONAL | |
| 690 | _aMANAGEMENT-BUSINESS MANAGEMENT-INFORMATION MANAGEMENT | ||
| 856 | 4 | 0 |
_uhttps://www.vlebooks.com/ _zView on VLEbooks. Logins for members only from [email protected] |
| 942 | _n0 | ||
| 999 |
_c111023 _d111023 |
||